[Event "Loire-ch Top20 0304"]
[Site "Loire"]
[Date "2003.12.13"]
[Round "4"]
[White "Bellon, Yves"]
[Black "Mujic, Saban"]
[Result "1/2-1/2"]
[WhiteElo "1880"]
[BlackElo "1940"]
[PlyCount "122"]
[EventDate "2003.09.27"]
[EventType "swiss"]
[EventRounds "9"]
[EventCountry "FRA"]
[SourceTitle "EXT 2008"]
[Source "ChessBase"]
[SourceDate "2007.11.25"]
[SourceVersion "1"]
[SourceVersionDate "2007.11.25"]
[SourceQuality "1"]

1. e4 e5 2. c4 Nf6 3. Nc3 Bc5 4. Nf3 d6 5. h3 a6 6. d3 Be6 7. Be3 Bxe3 8. fxe3 0-0 9. Qc2 c5 10. Be2 Nc6 11. a3 h6 12. 0-0 Rb8 13. Rad1 b5 14. cxb5 axb5 15. d4 exd4 16. exd4 cxd4 17. Nxd4 Nxd4 18. Rxd4 Qb6 19. Rfd1 Rfc8 20. Kh1 d5 21. exd5 Bxd5 22. Qf5 Bc4 23. Bf3 Qe6 24. Qf4 Re8 25. Rd6 Qe5 26. Qd4 Qxd4 27. R6xd4 Re5 28. a4 Bb3 29. Rd8+ Re8 30. Rxe8+ Nxe8 31. Rd4 bxa4 32. Bc6 Nc7 33. Bxa4 Bxa4 34. Nxa4 Rb3 35. Rc4 Nd5 36. Rc8+ Kh7 37. Rc5 Nf4 38. Rc3 Rb4 39. b3 Ne2 40. Re3 Nf4 41. Nc5 Rb5 42. Rf3 g5 43. Ne4 Kg6 44. Rc3 Re5 45. Rc6+ Kg7 46. Rc4 Rd5 47. Rc2 Rd1+ 48. Kh2 Rb1 49. Nd2 Re1 50. Rb2 Re2 51. Nc4 Rxb2 52. Nxb2 Nd5 53. Nd3 Kf6 54. Kg3 Kf5 55. Kf3 h5 56. g4+ hxg4+ 57. hxg4+ Ke6 58. Nf2 f5 59. gxf5+ Kxf5 60. Ng4 Nb4 61. Ne3+ Ke5 1/2-1/2

[Event "Loire-ch Top20 0203"]
[Site "Loire"]
[Date "2003.05.17"]
[Round "9"]
[White "Ollier, Michel"]
[Black "Mujic, Saban"]
[Result "1/2-1/2"]
[WhiteElo "1900"]
[BlackElo "1770"]
[PlyCount "45"]
[EventDate "2002.10.??"]
[EventType "swiss"]
[EventRounds "9"]
[EventCountry "FRA"]
[SourceTitle "EXT 2008"]
[Source "ChessBase"]
[SourceDate "2007.11.25"]
[SourceVersion "1"]
[SourceVersionDate "2007.11.25"]
[SourceQuality "1"]

1. e4 c5 2. Nf3 d6 3. d4 cxd4 4. Nxd4 Nf6 5. Nc3 a6 6. Bg5 e6 7. f4 Be7 8. Qf3 Qc7 9. 0-0-0 Nc6 10. Nxc6 bxc6 11. e5 dxe5 12. fxe5 Nd5 13. Bxe7 Qxe7 14. Ne4 0-0 15. h4 Bb7 16. c4 Nc7 17. Nd6 Ne8 18. c5 f6 19. Bd3 fxe5 20. Qe4 g6 21. Qxe5 Nxd6 22. cxd6 Qf6 23. Rhe1 1/2-1/2

[Event "Loire-ch Top20 0203"]
[Site "Loire"]
[Date "2003.02.01"]
[Round "6"]
[White "Mujic, Saban"]
[Black "Bruel, Bruno"]
[Result "1-0"]
[WhiteElo "1770"]
[BlackElo "1690"]
[PlyCount "153"]
[EventDate "2002.10.??"]
[EventType "swiss"]
[EventRounds "9"]
[EventCountry "FRA"]
[SourceTitle "EXT 2008"]
[Source "ChessBase"]
[SourceDate "2007.11.25"]
[SourceVersion "1"]
[SourceVersionDate "2007.11.25"]
[SourceQuality "1"]

1. Nf3 Nf6 2. d4 d5 3. e3 c5 4. c4 e6 5. cxd5 exd5 6. Bb5+ Nc6 7. 0-0 Bd6 8. dxc5 Bxc5 9. Nc3 0-0 10. a3 a5 11. b3 Bg4 12. Be2 h6 13. Bb2 Be6 14. Rc1 Qe7 15. a4 Rad8 16. Qc2 Nb4 17. Qb1 Ne4 18. Rfd1 Bf5 19. Qa1 Nxf2 20. Rf1 Bxe3 21. Rxf2 Rfe8 22. Rcf1 Bd3 23. Qd1 Bxe2 24. Qxe2 d4 25. Nd1 Bxf2+ 26. Qxf2 Nd3 27. Qd2 Qe4 28. Nf2 Nxf2 29. Qxf2 d3 30. Nd2 Qe3 31. Bc1 Qxf2+ 32. Kxf2 Re2+ 33. Kf3 Rd6 34. Ne4 Re6 35. Nd2 Rxd2 36. Bxd2 Rf6+ 37. Bf4 g5 38. g3 gxf4 39. gxf4 Rd6 40. Rd1 Kg7 41. Ke3 Kf6 42. Rxd3 Rxd3+ 43. Kxd3 Kf5 44. Ke3 Kg4 45. Ke4 h5 46. Ke5 h4 47. f5 Kh3 48. Kf6 Kxh2 49. Kxf7 Kg3 50. Kg8 h3 51. f6 h2 52. f7 h1Q 53. f8Q Qd5+ 54. Qf7 Qg5+ 55. Kf8 Qd8+ 56. Qe8 Qf6+ 57. Qf7 Qd8+ 58. Kg7 Qd4+ 59. Kg6 Qg4+ 60. Kf6 Qf4+ 61. Ke6 Qe4+ 62. Kd6 Qc6+ 63. Ke5 Qc3+ 64. Ke4 Qc2+ 65. Kd4 Qd2+ 66. Ke4 Qc2+ 67. Ke3 Qc5+ 68. Ke4 Qc2+ 69. Ke5 Qc3+ 70. Kd6 Qc6+ 71. Ke7 Qe4+ 72. Qe6 Qh7+ 73. Kd6 Qd3+ 74. Kc7 Qc3+ 75. Kxb7 Qb4+ 76. Qb6 Qe7+ 77. Qc7+ 1-0